Privatization and popular capitalism
| Main Author: | |
|---|---|
| Other Authors: | |
| Format: | Book |
| Published: |
Buckingham :
Open Uni.Press ,
1994
|
| Subjects: |
MARC
| LEADER | 00000cam a2200000 7i4500 | ||
|---|---|---|---|
| 001 | 0000002937 | ||
| 002 | 000003180 | ||
| 005 | 20000330.0 | ||
| 020 | |a 0335157084 | ||
| 090 | 0 | 0 | |a 338.941 |b SAU |
| 100 | 1 | |a Saunders, Peter | |
| 245 | 1 | 0 | |a Privatization and popular capitalism |c Peter Saunders and Colin Harris |
| 260 | |a Buckingham : |b Open Uni.Press , |c 1994 | ||
| 300 | |a 181p. ; |c 23cm. | ||
| 650 | 0 | 0 | |a Capitalism |z Great Britain |
| 650 | 0 | 0 | |a Privatization |z Great Britain |
| 700 | 1 | |a Harris, Colin , |d 1956- | |
| 999 | |a 036557 |b BUKU |c PINJAMAN |e PERPUSTAKAAN KOMUNITI PETALING JAYA | ||